<?xml version="1.0" encoding="UTF-8"?>
<record
    xmlns:xsi="http://www.w3.org/2001/XMLSchema-instance"
    xsi:schemaLocation="http://www.loc.gov/MARC21/slim http://www.loc.gov/standards/marcxml/schema/MARC21slim.xsd"
    xmlns="http://www.loc.gov/MARC21/slim">

  <leader>01995cam a2200397 a 4500</leader>
  <datafield tag="999" ind1=" " ind2=" ">
    <subfield code="c">330779</subfield>
    <subfield code="d">330779</subfield>
  </datafield>
  <controlfield tag="001">16030351</controlfield>
  <controlfield tag="003">NUST</controlfield>
  <controlfield tag="005">20170806190114.0</controlfield>
  <controlfield tag="008">091221s2009    pk a     b    000 0curd  </controlfield>
  <datafield tag="010" ind1=" " ind2=" ">
    <subfield code="a">  2009361650</subfield>
  </datafield>
  <datafield tag="020" ind1=" " ind2=" ">
    <subfield code="a">9789693703351</subfield>
  </datafield>
  <datafield tag="025" ind1=" " ind2=" ">
    <subfield code="a">P-U-2009361650; 14</subfield>
  </datafield>
  <datafield tag="040" ind1=" " ind2=" ">
    <subfield code="a">DLC</subfield>
    <subfield code="c">DLC</subfield>
    <subfield code="d">DLC</subfield>
  </datafield>
  <datafield tag="041" ind1="0" ind2=" ">
    <subfield code="a">urd</subfield>
    <subfield code="a">eng</subfield>
  </datafield>
  <datafield tag="042" ind1=" " ind2=" ">
    <subfield code="a">lcode</subfield>
    <subfield code="a">pcc</subfield>
  </datafield>
  <datafield tag="050" ind1="0" ind2="0">
    <subfield code="a">PN452</subfield>
    <subfield code="b">.I23 2009</subfield>
  </datafield>
  <datafield tag="066" ind1=" " ind2=" ">
    <subfield code="c">(3</subfield>
    <subfield code="c">(4</subfield>
  </datafield>
  <datafield tag="082" ind1=" " ind2=" ">
    <subfield code="a">891.4393</subfield>
    <subfield code="b">IBA</subfield>
  </datafield>
  <datafield tag="100" ind1="1" ind2=" ">
    <subfield code="6">880-01</subfield>
    <subfield code="a">&#x2BB;Ib&#x101;d, &#x1E62;afiyah.</subfield>
    <subfield code="9">3770</subfield>
  </datafield>
  <datafield tag="245" ind1="1" ind2="0">
    <subfield code="6">880-02</subfield>
    <subfield code="a">R&#x101;g rut, k&#x332;h&#x332;v&#x101;hish-i marg aur tanh&#x101; ph&#x16B;l :</subfield>
    <subfield code="b">ad&#x12B;bon&#x332; men&#x332; k&#x332;h&#x332;vudkush&#x12B; ke mu&#x1E25;arrik&#x101;t : Urd&#x16B; adab ke k&#x332;h&#x332;u&#x1E63;&#x16B;&#x1E63;&#x12B; &#x1E25;av&#x101;le se /</subfield>
    <subfield code="c">&#x1E62;afiyah &#x2BB;Ib&#x101;d.</subfield>
  </datafield>
  <datafield tag="260" ind1=" " ind2=" ">
    <subfield code="6">880-03</subfield>
    <subfield code="a">Isl&#x101;m&#x101;b&#x101;d :</subfield>
    <subfield code="b">Naishnal Buk F&#x101;&#x2BC;&#x16B;&#x1E0D;ishan,</subfield>
    <subfield code="c">2009.</subfield>
  </datafield>
  <datafield tag="300" ind1=" " ind2=" ">
    <subfield code="a">xv, 383 p. :</subfield>
    <subfield code="b">ill. ;</subfield>
    <subfield code="c">26 cm.</subfield>
  </datafield>
  <datafield tag="500" ind1=" " ind2=" ">
    <subfield code="a">Originally presented as the author's thesis (Ph. D)--National University of Modern Languages.</subfield>
  </datafield>
  <datafield tag="504" ind1=" " ind2=" ">
    <subfield code="a">Includes bibliographical references (p. 368-383).</subfield>
  </datafield>
  <datafield tag="520" ind1=" " ind2=" ">
    <subfield code="a">Historical study of the causes of suicide in authors with special reference to Urdu poets; includes biographical sketches of authors who commit suicide or attempt for suicide.</subfield>
  </datafield>
  <datafield tag="546" ind1=" " ind2=" ">
    <subfield code="a">Urdu; some in English.</subfield>
  </datafield>
  <datafield tag="650" ind1=" " ind2="0">
    <subfield code="a">Authors</subfield>
    <subfield code="x">Suicidal behavior.</subfield>
    <subfield code="9">3771</subfield>
  </datafield>
  <datafield tag="650" ind1=" " ind2="0">
    <subfield code="a">Poets, Urdu</subfield>
    <subfield code="x">Suicidal behavior.</subfield>
    <subfield code="9">3772</subfield>
  </datafield>
  <datafield tag="710" ind1="2" ind2=" ">
    <subfield code="6">880-04</subfield>
    <subfield code="a">National Book Foundation (Pakistan)</subfield>
    <subfield code="9">1397</subfield>
  </datafield>
  <datafield tag="880" ind1="1" ind2=" ">
    <subfield code="6">100-01/(3/r&#x200F;</subfield>
    <subfield code="a">&#x200F;&#x639;&#x628;&#x627;&#x62F;&#x60C; &#x635;&#x641;&#x64A;&#x647;.</subfield>
  </datafield>
  <datafield tag="880" ind1="1" ind2="0">
    <subfield code="6">245-02/(3/r&#x200F;</subfield>
    <subfield code="a">&#x200F;&#x631;&#x627;&#x6AF; &#x631;&#x62A;&#x60C; &#x62E;&#x648;&#x627;&#x647;&#x634; &#x645;&#x631;&#x6AF; &#x627;&#x648;&#x631; &#x62A;&#x646;&#x647;&#x627; &#x67E;&#x6BE;&#x648;&#x644; :&#x200F;</subfield>
    <subfield code="b">&#x200F;&#x627;&#x62F;&#x64A;&#x628;&#x648;&#x6BA; &#x645;&#x64A;&#x6BA; &#x62E;&#x648;&#x62F;&#x6A9;&#x634;&#x649; &#x6A9;&#x6D2; &#x645;&#x62D;&#x631;&#x6A9;&#x627;&#x62A; : &#x627;&#x631;&#x62F;&#x648; &#x627;&#x62F;&#x628; &#x6A9;&#x6D2; &#x62E;&#x635;&#x648;&#x635;&#x649; &#x62D;&#x648;&#x627;&#x644;&#x6D2; &#x633;&#x6D2; /&#x200F;</subfield>
    <subfield code="c">&#x200F;&#x635;&#x641;&#x64A;&#x647; &#x639;&#x628;&#x627;&#x62F;.</subfield>
  </datafield>
  <datafield tag="880" ind1=" " ind2=" ">
    <subfield code="6">260-03/(3/r&#x200F;</subfield>
    <subfield code="a">&#x200F;&#x627;&#x633;&#x644;&#x627;&#x645;&#x200C;&#x622;&#x628;&#x627;&#x62F; :&#x200F;</subfield>
    <subfield code="b">&#x200F;&#x646;&#x64A;&#x634;&#x646;&#x644; &#x628;&#x6A9; &#x641;&#x627;&#x624;&#x646;&#x688;&#x64A;&#x634;&#x646;&#x60C;&#x200F;</subfield>
    <subfield code="c">&#x200F;&#x202A;2009&#x202C;.</subfield>
  </datafield>
  <datafield tag="880" ind1="2" ind2=" ">
    <subfield code="6">710-04/(3/r&#x200F;</subfield>
    <subfield code="a">&#x646;&#x64A;&#x634;&#x646;&#x644; &#x628;&#x6A9; &#x641;&#x627;&#x624;&#x646;&#x688;&#x64A;&#x634;&#x646;(Pakistan)</subfield>
  </datafield>
  <datafield tag="906" ind1=" " ind2=" ">
    <subfield code="a">7</subfield>
    <subfield code="b">cbc</subfield>
    <subfield code="c">origode</subfield>
    <subfield code="d">3</subfield>
    <subfield code="e">ncip</subfield>
    <subfield code="f">20</subfield>
    <subfield code="g">y-nonroman</subfield>
  </datafield>
  <datafield tag="942" ind1=" " ind2=" ">
    <subfield code="2">ddc</subfield>
    <subfield code="c">BK</subfield>
  </datafield>
  <datafield tag="952" ind1=" " ind2=" ">
    <subfield code="0">0</subfield>
    <subfield code="1">0</subfield>
    <subfield code="2">ddc</subfield>
    <subfield code="4">0</subfield>
    <subfield code="7">0</subfield>
    <subfield code="8">FIC</subfield>
    <subfield code="a">CL</subfield>
    <subfield code="b">CL</subfield>
    <subfield code="c">FIC</subfield>
    <subfield code="d">2017-08-06</subfield>
    <subfield code="l">0</subfield>
    <subfield code="m">3</subfield>
    <subfield code="o">891.4393 IBA</subfield>
    <subfield code="p">CL2334</subfield>
    <subfield code="r">2023-07-17</subfield>
    <subfield code="t">1</subfield>
    <subfield code="w">2017-08-06</subfield>
    <subfield code="y">BK</subfield>
  </datafield>
</record>
